• 首页
  • 本馆介绍
  • 公告通知
  • 最新文献
  • 馆藏检索
  • 电子资源
  • 读者导购
  • 参考咨询
  • 我的图书馆
  • 登录
  • 详细信息显示
  • 放入我的书架
  • 预约/预借图书
  • 作者相关作品
  • 分类相关作品
  • 丛书相关作品
  • 出版社相关作品

书目信息

  • 表格格式
  • 工作单格式
  • 卡片格式
题名:
班级教育管理学
    
 
作者: 黄玉华 , 林冬桂 , 张东
分册:  
出版信息: 广州   广东高等教育  1999
页数: 247页
开本: 19cm
丛书名:
单 册:
中图分类: G473
科图分类:
主题词: 学校管理
电子资源:
ISBN: 7-5361-2396-5
000 00605nam0 2200205 450
001 0753865015
005 20070818145745.01
010    @a7-5361-2396-5@d¥15.00
100    @a20070818d km y0chiy0120 ea
101 0  @achi
200 1  @a班级教育管理学@Aban ji jiao yu guan li xue@f林冬桂,张东,黄玉华@Flin dong gui,zhang dong,huang yu hua
210    @a广州@c广东高等教育@d1999
215    @a247页@d19cm
606 0  @a学校管理
690    @aG473@v3
701  0 @a黄玉华@Ahuang yu hua
701  0 @a林冬桂@Alin dong gui
701  0 @a张东@Azhang dong
801  0 @aCN@bPFT@c20070818
905    @a213230@dG473@ee150@f1
    
    班级教育管理学/林冬桂,张东,黄玉华.-广州:广东高等教育,1999
    247页;19cm
    
    
    ISBN 7-5361-2396-5:¥15.00
    
●
相关链接 在E读中查询图书 在五车中查询图书 在当当中查询图书 在豆瓣中查询图书


正题名:班级教育管理学     索取号:G473/e150         预约/预借

序号 登录号 条形码 馆藏地/架位号 状态 备注
1 6302646   263026460   教育系资料室/ [索取号:G473/e150] 在馆    
唐山师范学院图书馆 欢迎您!
大连网信软件有限公司© 版权所有